000 00902nam a22003017a 4500
001 5025
003 FISKH
005 20250725135042.0
008 241101b cb ||||| |||| 00| 0 eng d
020 _a9780590336727
040 _aFISKH
_beng
_cFISKH
_dFISKH
050 _aPZ7.N6715
082 _2791.4
100 _aNoble, Hakes Trinka
_d(1944-)
245 _aThe day Jimmy's boa ate the wash /
_cby Trinka Hakes Noble pictures by Steven Kellogg
250 _aFirst printing in 1999
260 _aNew York :
_bScholastic,
_c1999.
300 _a28 pages :
_bcolor illustrations ;
_c23 cm
505 _aN
520 _aJimmy's boa constrictor wreaks havoc on the class trip to a farm.
521 8 _a540
_bLexile
521 8 _aN
_bRaz-Plus
650 _2Fiction
_aSnakes
650 _2Farm
_aAnimals
700 _aKellogg, Steven
_dIllustrator
942 _2ddc
_cBK
_n0
999 _c5025
_d5025